000 00997cam a22002894a 4500
001 14884273
005 20171215052017.0
008 070608s2007 maua b 000 0 eng
010 _a 2007024038
015 _aGBA747737
_2bnb
016 7 _a013773108
_2Uk
020 _a9781584200499
020 _a1584200499
035 _a(OCoLC)ocn144570877
035 _a(OCoLC)144570877
040 _aDLC
_cDLC
_dDLC
041 _aeng
080 _a135.45 LAM
082 0 0 _a135.45 LAM
_222
100 1 _a9
101 _aMJE
245 1 0 _aGreen hermeticism :
_cPeter Lamborn Wilson, Christopher Bamford, Kevin Townley ; introduction by Pir Zia Inayat-Khan ; edited by Christopher Bamford.
504 _aIncludes bibliographical references (p. [203]-206).
906 _a7
_bcbc
_corignew
_d1
_eecip
_f20
_gy-gencatlg
942 _2ddc
_cBK
999 _c38999
_d38999